Nombra todos los personajes de Blue lock - Estadísticas

Estadísticas generales
  • Esta prueba ha sido intentada 12 veces
  • La puntuación promedio es 18 de 188
Estadísticas de respuestas
Respuesta % Correcto
Rin Itoshi
100%
Yoichi Isagi
90%
Meguru Bachira
80%
Sae Itoshi
80%
Alexis Ness
60%
Michael Kaiser
60%
Noel Noa
60%
Eita Otoya
50%
Nagi Seishiro
50%
Rensuke Kunigami
50%
Reo Mikage
50%
Charles Chevalier
40%
Hyoma Chigiri
40%
Jinpachi Ego
40%
Julian Loki
40%
Oliver Aiku
40%
Tabito Karasu
40%
Agi
30%
Bunny Iglesias
30%
Chris Prince
30%
Gin Gagamaru
30%
Ikki Niko
30%
Kiyora Jin
30%
Lavinho
30%
Onazi
30%
Ranze Kurona
30%
Ryusei Shidou
30%
Aoshi Tokimitsu
20%
Bello
20%
Don Lorenzo
20%
Gen Fukaku
20%
Gurimu Igarashi
20%
Jingo Raichi
20%
Jyubei Aryu
20%
Kenyu Yukimiya
20%
Kuso
20%
Marc Snuffy
20%
Oboabona
20%
Ryosuke Kira
20%
Shouei Barou
20%
Wataru Kuon
20%
Yo Hiori
20%
Adam Blake
10%
Anri Teieri
10%
Benedict Grimm
10%
Chapa
10%
Cristiano Ronaldo
10%
Dada Silva
10%
Del Piero
10%
Erik Gesner
10%
Fernando Torres
10%
Hajime Nishioka
10%
Ignacio Lara
10%
Iyo Isagi
10%
Kento Chou
10%
Leonardo Luna
10%
Lionel Messi
10%
Mick Moon
10%
Neymar
10%
Pablo Cabazos
10%
Pelé
10%
Reiji Hiiragi
10%
Ronaldo Nazario
10%
Shuuto Sendou
10%
So
10%
Teppei Neru
10%
Zantetsu Tsurugi
10%
Zico
10%
Abdi
0%
Agbim
0%
Aiki Himizu
0%
Akira Endoji
0%
Ali
0%
Álvaro Recoba
0%
Arthur
0%
Asahi Naruhaya
0%
Ashime Suzuki
0%
Atsuto Tereasa
0%
Bachman
0%
Bos
0%
Burai Daido
0%
Busby
0%
Canali
0%
Chihiro Ezaki
0%
Choki
0%
Daiya Morinaga
0%
Damon
0%
David Beckham
0%
Drago
0%
Driver
0%
Ekpo
0%
Eric Cantona
0%
Espino
0%
Ezekiel
0%
Fuma Rokkaku
0%
Gabon
0%
Gambari
0%
Ginji Hiori
0%
Giraud Dabadie
0%
Gómez
0%
Haato Meiji
0%
Haru Hayate
0%
Haruhiko Yuzu
0%
Harutarou Natsuki
0%
Hibiki Ookawa
0%
Hirakazu Midorikawa
0%
Hiromu Munakata
0%
Hirotoshi Buratsuta
0%
Hyuga Koshiba
0%
Igor Schneider
0%
Iori Sato
0%
Issei Isagi
0%
Itsuki Wakatsuki
0%
Junichi Wanima
0%
Junko Hiori
0%
Juraki Ito
0%
Kairu Saramadara
0%
Kaita
0%
Kai Tokita
0%
Kaká
0%
Kanji Torikai
0%
Kazuma Niou
0%
Kei Shishiya
0%
Keisuke Wanima
0%
Kisaburo Hijikata
0%
Koki Mera
0%
Kosei Otsuka
0%
Koyuki Chigiri
0%
Kyohei Shiguma
0%
Mahiru Naruhaya
0%
Mareto Takeyama
0%
Masumi Atatame
0%
Mensah
0%
Michelin
0%
Miroku Darai
0%
Momodu
0%
Moro
0%
Ndiaye
0%
Neneko Chigiri
0%
Nijiro Nanase
0%
Noboru Jigen
0%
Okuhito Iemon
0%
Pablo Aimar
0%
Peron
0%
Picasso
0%
Raito Fuwa
0%
Renoir
0%
Retsu Nerima
0%
Rian Sanga
0%
Rico
0%
Rikiya Hohai
0%
Rooke
0%
Ruiz
0%
Ruto Kora
0%
Ryo Nameoka
0%
Sadiq
0%
Sena Naruhaya
0%
Shingen Tanaka
0%
Shinichi Konan
0%
Shizuka Haiji
0%
Shouhei Inaba
0%
Shuhei Ebina
0%
Shusaku Nihei
0%
Soshi Kagura
0%
Sota Nemoto
0%
Swift
0%
Taiga Tsunzaki
0%
Takuma Isezaki
0%
Tenka Naruhaya
0%
Teru Kitsunezato
0%
Tetsu Sokura
0%
Theo Sachs
0%
Tobio Madoka
0%
Tomonari Tada
0%
Tsukoteru Eiyu
0%
Umaru
0%
Urzaiz
0%
Yasumori Houichi
0%
Yawara Banku
0%
Young
0%
Youta Naruhaya
0%
Yudai Imamura
0%
Yujin Koshinaka
0%
Yukio Ishikari
0%
Yusei Amazorora
0%
Yuu Bachira
0%
Yuya Naruhaya
0%
Yuza Dokomo
0%
No se encontraron pruebas coincidentes
Distribución de puntuación
Porcentaje de gente con cada puntuación
Porcentaje por número respondido
Historial de tus puntuaciones
No has intentado esta prueba.